000
00293nam a22001337a 4500
008
170612b xxu||||| |||| 00| 0 eng d
020
_a
9781563963582
041
_a
eng
080
_a
32
100
_a
19
101
_a
SHP
245
_a
THE FIRST NUCLEAR ERA
_c
WEINBERG, A.M
942
_2
udc
_c
BK
999
_c
16910
_d
16910